000 00793cam a2200217 a 4500
001 16636862
005 20260211121714.0
008 101112s2011 ii ab b 001 0 eng
020 _a9788180697531 (hbk)
020 _a8180697533
082 0 4 _a305.89595 SEN
100 1 _aSen, Asoka Kumar.
245 1 0 _aRepresenting tribe :
_bthe Ho of Singhbhum under colonial rule /
_cAsoka Kumar Sen.
260 _aNew Delhi :
_bConcept Pub. Co.,
_c2011.
300 _axiv, 157 p. :
_bill. :
_c23 cm.
504 _aIncludes bibliographical references (p. [143]-153) and index.
650 0 _aHo (Indic people)
_xGovernment policy
_zIndia
_zSinghbhūm.
650 0 _aHo (Indic people)
_zIndia
_zSinghbhūm
_xSocial conditions.
650 0 _aIndia
_zHistory
_zBritish occupation, 1765-1947
942 _2ddc
_cBK
999 _c32355
_d32355